000 00497nam a22001697a 4500
999 _c17394
_d17394
008 190123b xxu||||| |||| 00| 0 eng d
020 _a0133876403
050 _aRT48
_b.D36 2016 c.1
100 _aDamico, Donita
245 _aHealth and Physical Assessment in Nursing
_cDonita Damico
250 _a3rd ed.
260 _aNew Jersey
_bPearson
_c2016
300 _a1(vol) various paging
650 _aNursing Assessment
_vmethods
650 _aPhysical Examination
_vnursing
942 _2lcc
_cBK